Quizzes
Events
Quiz Creation
Community
Videos
Private Events
Remove Ads
Sign In
Join for FREE
Feedback
Dark Mode
Quiz Categories
Sports
Geography
Music
Movies
Television
Just For Fun
Miscellaneous
History
Literature
Language
Science
Gaming
Entertainment
Religion
Holiday
For Kids
Quiz Lab
Recent
Popular Today
Quiz Kudos Today
Editor Picks
Curator Picks
Quizzes by...
Day
Popularity
Type
Ratings
Length
Year
Community
Subscriptions
Recent Discussions
Orange Saloon
Badges
Playlists
Quests
Create
Leaderboards
Showdown
Live 5
Trivia Bingo
Activity
Puzzle Library
Sporcle Events
Private Events
Virtual Trivia
Globe League
Become a Host
Pub Owners
SporcleCon
Opinionation
Our Games
Videos
Blog
Mobile Apps
Partnerships
Remove Ads and Go Orange
Feedback
Sports
Athletes
MLB
NBA
NHL
NFL
Soccer
Sports Teams
WWE
NCAA
Football
Premier League
Basketball
Baseball
Hockey
Golf
Tennis
Cricket
Rugby
Auto Racing
Olympics
World Cup
Sports
Athletes
MLB
NBA
NHL
NFL
Soccer
Sports Teams
WWE
NCAA
Football
Premier League
Basketball
Baseball
Hockey
Golf
Tennis
Cricket
Rugby
Auto Racing
Olympics
World Cup
Random Quiz
Search Sporcle
×
Quiz Lab
Quiz Lab
Sports
Hockey
Type in answers that appear in a list
Type in answers that appear in a list
Classic
Best Score? Go Orange.
NHL All-Time Team Point Leaders Stats
Can you name the top 10 point leaders for each NHL team?
By
slowBURN71
17m
300 Questions
395 Plays
395 Plays
395 Plays
Comments
Comments
Give Quiz Kudos
Give Quiz Kudos
-
- Ratings
hide this ad
More Info
Replay
Link that replays current quiz
Next Quiz
Link to next quiz in quiz playlist
You Got
0%
They Got
Avg Score
66%
Avg Friend Score
Upgrade to see
Score Distribution
Jump to the score distribution portion of the page
Score
0/300
Timer
17:00
0
Plays Today
Team
Player
% Correct
Anaheim Ducks
Teemu Selanne
97.7%
Chicago Blackhawks
Bobby Hull
97.5%
Chicago Blackhawks
Dennis Hull
97.2%
Edmonton Oilers
Wayne Gretzky
97.2%
Los Angeles Kings
Wayne Gretzky
97.2%
St. Louis Blues
Brett Hull
97.2%
Detroit Red Wings
Gordie Howe
96.5%
Edmonton Oilers
Mark Messier
96.5%
New York Rangers
Mark Messier
96.5%
Colorado Avalanche
Joe Sakic
96.2%
Detroit Red Wings
Steve Yzerman
95.9%
Calgary Flames
Jarome Iginla
95.4%
Columbus Blue Jackets
Rick Nash
95.4%
Montreal Canadiens
Henri Richard
95.4%
Montreal Canadiens
Maurice Richard
95.4%
Dallas Stars
Mike Modano
94.9%
Anaheim Ducks
Ryan Getzlaf
94.2%
Anaheim Ducks
Corey Perry
93.9%
Pittsburgh Penguins
Mario Lemieux
93.9%
Boston Bruins
Ray Bourque
93.4%
Boston Bruins
Phil Esposito
93.4%
Carolina Hurricanes
Ron Francis
93.4%
Carolina Hurricanes
Eric Staal
93.4%
Edmonton Oilers
Jari Kurri
92.9%
New York Islanders
Mike Bossy
92.9%
Ottawa Senators
Daniel Alfredsson
92.9%
Boston Bruins
Bobby Orr
92.7%
Pittsburgh Penguins
Jaromir Jagr
92.7%
Chicago Blackhawks
Stan Mikita
92.4%
Los Angeles Kings
Marcel Dionne
92.4%
New Jersey Devils
Patrik Elias
92.4%
San Jose Sharks
Joe Thornton
92.4%
Montreal Canadiens
Guy Lafleur
92.2%
Philadelphia Flyers
Bobby Clarke
91.9%
Arizona Coyotes
Shane Doan
91.4%
Toronto Maple Leafs
Mats Sundin
90.9%
Anaheim Ducks
Paul Kariya
90.6%
Colorado Avalanche
Peter Forsberg
90.6%
Tampa Bay Lightning
Martin St. Louis
90.6%
New York Islanders
Bryan Trottier
90.1%
Los Angeles Kings
Luc Robitaille
89.9%
San Jose Sharks
Patrick Marleau
89.4%
Vancouver Canucks
Henrik Sedin
89.4%
Vancouver Canucks
Daniel Sedin
89.4%
Chicago Blackhawks
Denis Savard
89.1%
Edmonton Oilers
Paul Coffey
88.9%
Minnesota Wild
Mikko Koivu
88.9%
Vancouver Canucks
Pavel Bure
88.9%
Montreal Canadiens
Saku Koivu
88.6%
Colorado Avalanche
Peter Stastny
88.4%
Colorado Avalanche
Anton Stastny
88.4%
Tampa Bay Lightning
Vinny Lecavalier
88.1%
Buffalo Sabres
Gilbert Perreault
87.8%
Detroit Red Wings
Sergei Fedorov
87.8%
Pittsburgh Penguins
Sidney Crosby
87.8%
Detroit Red Wings
Nicklas Lidstrom
87.3%
Nashville Predators
Filip Forsberg
87.1%
Montreal Canadiens
Jean Beliveau
86.8%
Calgary Flames
Gary Suter
86.6%
Ottawa Senators
Dany Heatley
86.3%
Pittsburgh Penguins
Evgeni Malkin
86.3%
Boston Bruins
Johnny Bucyk
86.1%
Colorado Avalanche
Milan Hejduk
86.1%
Edmonton Oilers
Glenn Anderson
86.1%
Ottawa Senators
Jason Spezza
86.1%
Florida Panthers
Aleksander Barkov
85.8%
New Jersey Devils
Scott Stevens
85.8%
Pittsburgh Penguins
Kevin Stevens
85.8%
Anaheim Ducks
Scott Niedermayer
85.6%
New Jersey Devils
Scott Niedermayer
85.6%
Florida Panthers
Rob Niedermayer
85.3%
New York Rangers
Brian Leetch
85.3%
Philadelphia Flyers
Eric Lindros
85.1%
Washington Capitals
Alex Ovechkin
84.6%
Calgary Flames
Theo Fleury
84.3%
Calgary Flames
Al MacInnis
84.3%
Minnesota Wild
Marian Gaborik
84.3%
St. Louis Blues
Al MacInnis
84.3%
Detroit Red Wings
Henrik Zetterberg
84.1%
New York Islanders
Denis Potvin
84.1%
Calgary Flames
Joe Nieuwendyk
83.8%
Chicago Blackhawks
Jeremy Roenick
83.5%
Arizona Coyotes
Jeremy Roenick
83.5%
Winnipeg Jets
Ilya Kovalchuk
83.5%
Buffalo Sabres
Dave Andreychuk
83.3%
Florida Panthers
Olli Jokinen
83.3%
Detroit Red Wings
Brendan Shanahan
83%
Detroit Red Wings
Pavel Datsyuk
82.5%
Vancouver Canucks
Markus Naslund
82.3%
Ottawa Senators
Marian Hossa
82%
Carolina Hurricanes
Rod Brind'Amour
81.8%
Edmonton Oilers
Ryan Smyth
81.8%
New York Islanders
Pat LaFontaine
81.8%
Philadelphia Flyers
Rod Brind'Amour
81.8%
Tampa Bay Lightning
Brad Richards
81.8%
Nashville Predators
David Legwand
81.5%
Washington Capitals
Mike Gartner
81.5%
Arizona Coyotes
Keith Tkachuk
81.3%
St. Louis Blues
Keith Tkachuk
81.3%
Pittsburgh Penguins
Ron Francis
81%
Team
Player
% Correct
Tampa Bay Lightning
Steven Stamkos
80.8%
Anaheim Ducks
Andy McDonald
80.5%
Dallas Stars
Bobby Smith
80.3%
St. Louis Blues
Bernie Federko
79.5%
Colorado Avalanche
Michel Goulet
79.2%
Arizona Coyotes
Dale Hawerchuk
79.2%
Philadelphia Flyers
John LeClair
78.2%
Toronto Maple Leafs
Darryl Sittler
78.2%
Dallas Stars
Dino Ciccarelli
77.5%
Detroit Red Wings
Alex Delvecchio
77.5%
New Jersey Devils
Zach Parise
77.5%
Washington Capitals
Peter Bondra
77.2%
Montreal Canadiens
Larry Robinson
76.5%
Boston Bruins
David Krejci
76.2%
Buffalo Sabres
Rene Robert
75.9%
Chicago Blackhawks
Patrick Kane
75.9%
New York Rangers
Rod Gilbert
75.7%
Los Angeles Kings
Dave Taylor
75.4%
Philadelphia Flyers
Mark Recchi
75.2%
Buffalo Sabres
Jason Pominville
74.7%
Detroit Red Wings
Ted Lindsay
74.7%
Buffalo Sabres
Rick Martin
74.2%
Chicago Blackhawks
Pit Martin
74.2%
Ottawa Senators
Alexei Yashin
74.2%
Vancouver Canucks
Trevor Linden
73.9%
Winnipeg Jets
Mark Scheifele
73.9%
Los Angeles Kings
Anze Kopitar
73.7%
New York Islanders
Brent Sutter
73.7%
St. Louis Blues
Brian Sutter
73.7%
New York Rangers
Jean Ratelle
73.2%
Buffalo Sabres
Phil Housley
72.7%
Colorado Avalanche
Paul Stastny
72.7%
Philadelphia Flyers
Bill Barber
72.4%
Winnipeg Jets
Evander Kane
71.9%
Florida Panthers
Jonathan Huberdeau
71.6%
Dallas Stars
Brian Bellows
71.4%
Chicago Blackhawks
Steve Larmer
70.6%
Los Angeles Kings
Bernie Nicholls
70.6%
Winnipeg Jets
Marian Hossa
69.6%
Philadelphia Flyers
Claude Giroux
69.1%
New Jersey Devils
John MacLean
68.6%
Arizona Coyotes
Paul MacLean
68.6%
Montreal Canadiens
Steve Shutt
68.4%
Edmonton Oilers
Doug Weight
68.1%
Los Angeles Kings
Dustin Brown
68.1%
San Jose Sharks
Owen Nolan
68.1%
St. Louis Blues
Alex Steen
68.1%
Arizona Coyotes
Thomas Steen
67.3%
Boston Bruins
Rick Middleton
67.1%
Montreal Canadiens
Yvan Cournoyer
67.1%
Montreal Canadiens
Jacques Lemaire
67.1%
Ottawa Senators
Erik Karlsson
66.6%
Minnesota Wild
Zach Parise
66.3%
Vancouver Canucks
Todd Bertuzzi
66.3%
Columbus Blue Jackets
Nick Foligno
66.1%
Dallas Stars
Sergei Zubov
66.1%
Nashville Predators
Craig Smith
65.8%
Nashville Predators
Roman Josi
65.8%
Colorado Avalanche
Alex Tanguay
65.6%
Dallas Stars
Neal Broten
65.6%
Detroit Red Wings
Norm Ullman
65.6%
New Jersey Devils
Aaron Broten
65.6%
Philadelphia Flyers
Brian Propp
65.3%
San Jose Sharks
Joe Pavelski
65.1%
Montreal Canadiens
Bernie Geoffrion
64.8%
New Jersey Devils
Scott Gomez
64.6%
New York Islanders
Clark Gillies
64.6%
Tampa Bay Lightning
Nikita Kucherov
64.6%
Calgary Flames
Gary Roberts
64.1%
Nashville Predators
Shea Weber
64.1%
Toronto Maple Leafs
Borje Salming
64.1%
Nashville Predators
Martin Erat
63.8%
New York Rangers
Adam Graves
63.8%
Toronto Maple Leafs
Dave Keon
63.8%
Pittsburgh Penguins
Jean Pronovost
63.5%
Anaheim Ducks
Bobby Ryan
63.3%
Los Angeles Kings
Rob Blake
63%
Colorado Avalanche
Dale Hunter
62.8%
San Jose Sharks
Vincent Damphousse
62.8%
Washington Capitals
Dale Hunter
62.8%
Washington Capitals
Nicklas Backstrom
62.8%
Carolina Hurricanes
Pat Verbeek
62.5%
Florida Panthers
Nathan Horton
61.3%
Toronto Maple Leafs
Frank Mahovlich
61%
Calgary Flames
Kent Nilsson
60.5%
Florida Panthers
Scott Mellanby
59.7%
Philadelphia Flyers
Tim Kerr
59.5%
Winnipeg Jets
Andrew Ladd
59.2%
Dallas Stars
Brenden Morrow
59%
Chicago Blackhawks
Doug Wilson
58.7%
New Jersey Devils
Kirk Muller
58.7%
Carolina Hurricanes
Kevin Dineen
58.5%
Carolina Hurricanes
Geoff Sanderson
58.5%
Florida Panthers
Viktor Kozlov
58.5%
Winnipeg Jets
Slava Kozlov
58.5%
Boston Bruins
Ken Hodge
57.5%
Tampa Bay Lightning
Vinny Prospal
57.5%
Washington Capitals
Dennis Maruk
57.5%
Toronto Maple Leafs
Rick Vaive
57%
Winnipeg Jets
Bryan Little
57%
Team
Player
% Correct
Buffalo Sabres
Mike Foligno
56.7%
Dallas Stars
Jamie Benn
56.7%
Philadelphia Flyers
Rick MacLeish
56.2%
Winnipeg Jets
Blake Wheeler
56.2%
Winnipeg Jets
Dustin Byfuglien
55.9%
Boston Bruins
Patrice Bergeron
55.7%
San Jose Sharks
Logan Couture
55.7%
Edmonton Oilers
Ales Hemsky
55.4%
Florida Panthers
Stephen Weiss
54.9%
New York Rangers
Andy Bathgate
54.7%
San Jose Sharks
Jonathan Cheechoo
54.4%
St. Louis Blues
Pavol Demitra
54.4%
Minnesota Wild
Ryan Suter
53.9%
Anaheim Ducks
Steve Rucchin
53.7%
Pittsburgh Penguins
Kris Letang
53.2%
St. Louis Blues
David Backes
53.2%
Boston Bruins
Wayne Cashman
52.7%
Los Angeles Kings
Butch Goring
52.4%
New Jersey Devils
Bobby Holik
52.4%
Chicago Blackhawks
Jonathan Toews
51.6%
Boston Bruins
Terry O'Reilly
51.4%
Buffalo Sabres
Danny Gare
51.4%
New York Islanders
John Tavares
51.4%
Ottawa Senators
Mike Fisher
51.4%
Columbus Blue Jackets
R.J. Umberger
51.1%
Carolina Hurricanes
Jeff Skinner
50.9%
Pittsburgh Penguins
Syl Apps
50.9%
Vancouver Canucks
Stan Smyl
49.4%
New York Islanders
John Tonelli
49.1%
Ottawa Senators
Wade Redden
49.1%
Colorado Avalanche
Matt Duchene
48.6%
Dallas Stars
Dave Gagner
48.4%
St. Louis Blues
Garry Unger
48.4%
Nashville Predators
Steve Sullivan
48.1%
Pittsburgh Penguins
Rick Kehoe
48.1%
Toronto Maple Leafs
George Armstrong
48.1%
Nashville Predators
Kimmo Timonen
47.3%
Tampa Bay Lightning
Victor Hedman
47.1%
Columbus Blue Jackets
David Vyborny
46.8%
Edmonton Oilers
Esa Tikkanen
46.8%
Anaheim Ducks
Cam Fowler
46.6%
New York Rangers
Vic Hadfield
46.3%
Carolina Hurricanes
Jeff O'Neill
46.1%
Carolina Hurricanes
Erik Cole
45.8%
Minnesota Wild
Pierre-Marc Bouchard
45.8%
Minnesota Wild
Andrew Brunette
45.8%
Arizona Coyotes
Teppo Numminen
45.6%
New York Islanders
Bob Nystrom
44.8%
San Jose Sharks
Brent Burns
44.8%
Ottawa Senators
Radek Bonk
44.1%
Edmonton Oilers
Shawn Horcoff
43.5%
Dallas Stars
Jere Lehtinen
43.3%
Nashville Predators
J.P. Dumont
43%
San Jose Sharks
Jeff Friesen
42.3%
Washington Capitals
Calle Johansson
42%
Minnesota Wild
Charlie Coyle
41.8%
Anaheim Ducks
Rickard Rakell
41.3%
Buffalo Sabres
Craig Ramsay
40.8%
Toronto Maple Leafs
Ted Kennedy
40%
Toronto Maple Leafs
Ron Ellis
39.7%
Columbus Blue Jackets
Cam Atkinson
39.5%
Tampa Bay Lightning
Ondrej Palat
39.5%
Carolina Hurricanes
Blaine Stoughton
39.2%
Tampa Bay Lightning
Tyler Johnson
38.7%
Calgary Flames
Mark Giordano
37.5%
Columbus Blue Jackets
Ryan Johansen
37.2%
Winnipeg Jets
Toby Enstrom
37.2%
Minnesota Wild
Jared Spurgeon
35.2%
Columbus Blue Jackets
Nikolai Zherdev
34.2%
Calgary Flames
Guy Chouinard
33.4%
Washington Capitals
Michal Pivonka
33.4%
Vancouver Canucks
Tony Tanti
31.9%
Columbus Blue Jackets
Brandon Dubinsky
31.6%
New York Rangers
Ron Greschner
31.4%
Ottawa Senators
Mark Stone
31.1%
Tampa Bay Lightning
Brian Bradley
31.1%
Minnesota Wild
Mikael Granlund
30.4%
St. Louis Blues
Vladimir Tarasenko
30.4%
Los Angeles Kings
Jim Fox
29.6%
San Jose Sharks
Marc-Edouard Vlasic
29.6%
Buffalo Sabres
Don Luce
29.4%
Florida Panthers
Robert Svehla
29.4%
New York Islanders
Bob Bourne
29.1%
Washington Capitals
Mike Ridley
29.1%
Columbus Blue Jackets
Boone Jenner
28.6%
New Jersey Devils
Travis Zajac
28.6%
Nashville Predators
Scott Walker
27.8%
New York Rangers
Walt Tkaczuk
27.8%
New York Rangers
Steve Vickers
27.1%
Toronto Maple Leafs
Bob Pulford
27.1%
Vancouver Canucks
Thomas Gradin
27.1%
Minnesota Wild
Nino Niederreiter
25.8%
Calgary Flames
Eric Vail
24.3%
Vancouver Canucks
Don Lever
22.5%
Columbus Blue Jackets
Fedor Tyutin
21.5%
Arizona Coyotes
Morris Lukowich
20.5%
Washington Capitals
Bengt-Ake Gustafsson
19.7%
Florida Panthers
Radek Dvorak
19.2%
Arizona Coyotes
Doug Smail
17.5%
Arizona Coyotes
Laurie Boschman
14.4%
Quiz Playlist
Details
Report
Send in Message
Add To Playlist
More Info:
* denotes HOF member # denotes current NHLer As of end of 18-19 season
Classic:
Type in answers that appear in a list
Quiz Source
Last Updated: Apr 14, 2019
Quiz Scoreboard
CHALLENGE
Sign Up to Join the Scoreboard
Show All
Scores
Hide
Comments
May contain spoilers
Recently Published
Billboard Blitz: Fleetwood Mac
by CooCooCachoo
Music
15s
Presidents Visiting Landmarks
by Hejman
History
7m
An Introduction to Baseball
by treessimontrees
Sports
5m
More to Explore
Quiz From the Vault
Featured Blog Post
Where Did the Easter Bunny Come From?
hide this ad
You Might Also Like...
Tags
Hockey Quiz
NHL Quiz
NHL Points
Points Leaders
Today's Top Quizzes in Sports
Browse Sports
hide this ad
Today's Top Quizzes in Hockey
Browse Hockey
Top Contributed Quizzes in Sports
1
Les meilleurs buteurs des matchs entre le PSG et l’OM
2
2022 World Cup Stars
3
FIFA Club World Cup Champions
4
Les entraîneurs de l'OM et du PSG au 21e siècle
5
Criteria MLB: Left Handed Sluggers
6
Name the Premier League winners with different clubs
7
5-to-1: UK Sports Teams
8
AFC Teams Reveal (Wrong Answers Minefield)
9
Players with Multiple 50 Home Run Seasons
10
5-to-1: FBS Animal Nicknames
Explore More
Trending Topics
NBA
Harry Potter
Marvel
Disney
Kpop
Anime
Crossword
Soccer
WWE
Song
Puzzle
Country
Pokémon
NFL
The Office
hide this ad
More By:
slowBURN71
Quiz
Plays
Rating
Category
Featured
Created
Leading Scorers 1992-2022
1,765
4.88
Sports
Dec 15, 2012
NHL Career Points
1,597
4.67
Sports
Dec 28, 2012
NHL Active Goals Leaders
1,494
4.83
Sports
Aug 18, 2012
NHL - Most Points - Season
1,291
5.00
Sports
Aug 23, 2012
Pittsburgh Penguins Top 10 Scorers
1,184
4.75
Sports
Jul 31, 2012
Go to Creator's Profile
Score Distribution
Quiz Creator Spotlight
slowBURN71
Follow
Send a Message
Quizzes Created
-
Created Quiz Play Count
-
More By This Creator
Popular Quizzes Today
1
Find the US States - No Outlines Minefield
2
Find the Countries of Europe - No Outlines Minefield
3
The Countries of the World
4
Find the US States
5
US States
6
Risky Map Clicking: Biggest States A-Z
7
Popular People in 1961
8
Movies - When Are They Set?
More Sports Quizzes
Soccer All Time Top Scorers Quiz
Quiz Lab
Trending Quizzes
Risky Map Clicking: Least Populous States A-Z
1-10 Letter G Words
1-10 Letter F Words
Risky Map Clicking: Next State Alphabetically
Risky Map Clicking: Biggest States A-Z
Recently Updated
Leaping Animals
pecheneg
Reality TV Shows (A-Z)
bhenderson79
Rickey Henderson's Hall of Fame Teammates
pecheneg
Champions League XIs: Arsenal
pecheneg
Quick Pick: Celebrities in WWE's Hall of Fame
aduchscher
A-Z Keypad Blitz II
pecheneg
Multiple Oscar Actors
pecheneg
Mystery Phrase Blitz: Oscar 'Best Actors'
pecheneg
F. Scott Fitzgerald Novels
LTH
Pick 3 Villains
ddd62291
Trending Topics
NBA
Harry Potter
Crossword
Kpop
Disney
Anime
Marvel
Puzzle
Country
Pokémon
Song
The Office
NFL
WWE
Soccer
Your Account Isn't Verified!
In order to create a playlist on Sporcle, you need to verify the email address you used during registration. Go to your
Sporcle Settings
to finish the process.
Report this User
Report this user for behavior that violates our
Community Guidelines
.
Details:
Send Report
Go to the Sporcle.com Mobile Site →
Comments